| 000 | 00824nas a2200301 4500 | ||
|---|---|---|---|
| 001 | BR0600796 | ||
| 003 | BR-BrBNA | ||
| 005 | 20231205105834.0 | ||
| 007 | ta | ||
| 008 | 230509b bl.|||p| |||| 00| 00por d | ||
| 040 |
_aBR-BrBNA _bpor _cBiblioteca Nacional de Agricultura |
||
| 041 | _a(Pt) | ||
| 072 | _aE70 | ||
| 100 | 1 | _aSchiavi, S.M. de A. | |
| 100 | 1 | _aBánkuti, F.I. | |
| 100 | 1 | _aToledo, J.C. de | |
| 245 | 1 | _aQualidade em laticínios | |
| 650 | _aLEITE | ||
| 650 | _aCONTROLE DE QUALIDADE | ||
| 650 | _aMERCADO NACIONAL | ||
| 650 | _aCONSUMO | ||
| 650 | _aINDÚSTRIA ALIMENTÍCIA | ||
| 650 | _aAPPCC | ||
| 650 | _aNORMALIZAÇÃO | ||
| 773 | 0 |
_tAgroanalysis (Brazil) _xISSN 0100-4298 _g(Nov 2005), v. 25(11) p. 32-34 _wBR0600796 |
|
| 909 |
_a202311 _bLúcia _c55 _dLúcia Elande |
||
| 942 |
_2AGRIS _n0 _cANA |
||
| 999 |
_c184944 _d184944 |
||